| 000 | 00566nam a2200181Ia 4500 | ||
|---|---|---|---|
| 999 |
_c28034 _d28034 |
||
| 003 | OSt | ||
| 005 | 20231227160752.0 | ||
| 008 | 190216s9999||||xx |||||||||||||| ||und|| | ||
| 020 | _a9788126401352 | ||
| 040 | _coclc | ||
| 082 |
_a894.81 _bSSHA/S |
||
| 100 | 1 |
_aShakespeare, William, _d1564-1616 _vAdaptations _974 |
|
| 245 | 0 |
_aShakespeare Sampoorna Krithikal / _cWillam Shakespeare ; K Ayyappa Paniker |
|
| 260 |
_bDc Books, _aKottayam: _c2000. |
||
| 300 | _a1106p | ||
| 650 | _aNadakam | ||
| 942 |
_cBK _2ddc _h894.81 _iSSHA/S _k894.81 _mSSHA/S |
||